Statistics for NBA Rosters 2010-2011: Shooting Guards

Click here to take the quiz!

General Stats

  • This quiz has been taken 5 times
  • The average score is 26 of 95

Answer Stats

Answer% Correct
Ben Gordon
100%
DeMar DeRozan
100%
Dwyane Wade
100%
Eric Gordon
100%
Kobe Bryant
100%
Manu Ginobili
100%
Ray Allen
100%
Tony Allen
100%
James Harden
75%
J.J. Redick
75%
Joe Johnson
75%
Kevin Martin
75%
Lou Williams
75%
Michael Redd
75%
Mike Miller
75%
Monta Ellis
75%
Stephen Jackson
75%
Terrance Williams
75%
Thabo Sefolosha
75%
Vince Carter
75%
Wesley Johnson
75%
Jason Terry
50%
J.R. Smith
50%
Kyle Korver
50%
Lance Stephenson
50%
Paul George
50%
Richard Hamilton
50%
Tracy McGrady
50%
Tyreke Evans
50%
Willie Green
50%
Arron Afflalo
25%
Corey Maggette
25%
Courtney Lee
25%
Evan Turner
25%
Gerald Henderson
25%
Jamal Crawford
25%
Jason Richardson
25%
Jerry Stackhouse
25%
Leandro Barbosa
25%
Marco Belinelli
25%
Mike Dunleavy
25%
Raymond Felton
25%
Sasha Vujacic
25%
Wesley Matthews
25%
Alonzo Gee
0%
Andy Rautins
0%
Anthony Morrow
0%
Antoine Wright
0%
Brandon Rush
0%
Charlie Bell
0%
C.J. Miles
0%
Daequan Cook
0%
Dahntay Jones
0%
Daniel Gibson
0%
Delonte West
0%
DeShawn Stevenson
0%
Dominique Jones
0%
Gary Neal
0%
George Hill
0%
Greivis Vasquez
0%
Henry Walker
0%
Jermaine Taylor
0%
Jodie Meeks
0%
John Salmons
0%
Jordan Crawford
0%
Josh Childress
0%
Keith Bogans
0%
Keyon Dooling
0%
Kyle Weaver
0%
Landry Fields
0%
Manny Harris
0%
Marcus Thornton
0%
Mario West
0%
Matt Carroll
0%
Mickael Pietrus
0%
Nick Young
0%
O.J. Mayo
0%
Orien Greene
0%
Othyus Jeffers
0%
Raja Bell
0%
Randy Foye
0%
Reggie Williams
0%
Roger Mason
0%
Ronald Dupree
0%
Ronnie Brewer
0%
Ronnie Price
0%
Royal Ivey
0%
Rudy Fernandez
0%
Shannon Brown
0%
Stephen Graham
0%
Toney Douglas
0%
Trey Johnson
0%
Von Wafer
0%
Wayne Ellington
0%
Xavier Henry
0%

Score Distribution

Percentile by Number Answered

Percent of People with Each Score

Your Score History

You have not taken this quiz